Loading...
| Current Events | 3 | 16.67 | 100% | 67% | 0% |
| Fine Arts - Classical Music | 9 | 6.67 | 78% | 0% | 0% |
| Fine Arts - Other Fine Arts | 5 | 16.00 | 100% | 60% | 0% |
| Fine Arts - Painting & Sculpture | 11 | 13.64 | 73% | 55% | 9% |
| Geography | 5 | 20.00 | 100% | 80% | 20% |
| History - American History | 7 | 11.43 | 86% | 14% | 14% |
| History - European History | 6 | 11.67 | 100% | 17% | 0% |
| History - Other History | 6 | 8.33 | 67% | 17% | 0% |
| History - World History | 9 | 11.11 | 78% | 33% | 0% |
| Literature - American Literature | 7 | 15.71 | 100% | 43% | 14% |
| Literature - British Literature | 7 | 10.00 | 71% | 29% | 0% |
| Literature - European Literature | 5 | 12.00 | 100% | 0% | 20% |
| Literature - World Literature | 6 | 15.00 | 100% | 50% | 0% |
| Mythology | 4 | 15.00 | 50% | 75% | 25% |
| Other Academic | 6 | 10.00 | 83% | 17% | 0% |
| Philosophy | 13 | 11.54 | 77% | 31% | 8% |
| Religion | 5 | 14.00 | 100% | 40% | 0% |
| Science - Biology | 10 | 16.00 | 90% | 50% | 20% |
| Science - Chemistry | 9 | 15.56 | 89% | 44% | 22% |
| Science - Other Science | 8 | 18.75 | 100% | 63% | 25% |
| Science - Physics | 10 | 20.00 | 100% | 60% | 40% |
| Social Science | 5 | 10.00 | 100% | 0% | 0% |